|
|
|
|
| LEADER |
00000cam a2200000 a 4500 |
| 001 |
vtls008395468 |
| 003 |
SK-MaSNL |
| 005 |
20260301123556.0 |
| 008 |
230403s1955 xo f 000 0 slo |
| 015 |
|
|
|a SNBA19451955-010561
|
| 035 |
|
|
|a SK01SNKBKSFS20010087685
|
| 035 |
|
|
|a urn:nbn:sk:snk-am3ielw
|
| 035 |
|
|
|a urn:nbn:sk:snk-am00e729
|
| 035 |
|
|
|a D01AC400-C3DE-4D35-BC4D-FAABFFB407AB
|
| 035 |
|
|
|a SKM000090148
|
| 040 |
|
|
|a SNK
|b slo
|c SNK
|e AACR2
|
| 041 |
0 |
|
|a slo
|a cze
|b rus
|b ger
|
| 044 |
|
|
|a xo
|c SK
|
| 080 |
|
|
|a 632
|2 1981
|
| 245 |
0 |
0 |
|a Sborník prác o tabaku
|c [vedecký redaktor Emil Špaldon]
|
| 260 |
|
|
|a Bratislava
|b Vydavateľstvo Slovenskej akadémie vied
|c 1955
|e Bratislava
|f Pravda
|
| 300 |
|
|
|a 295, [1] s.
|b ilustr., mapy, tab.
|c V. 8°
|
| 366 |
|
|
|e 880 výtl.
|
| 504 |
|
|
|a Obsahuje bibliografiu
|
| 546 |
|
|
|a Text slovensky a čiastočne česky. Ruské a nemecké resumé
|
| 650 |
0 |
7 |
|a tabak
|2 SNKPH
|9 4249
|
| 655 |
|
7 |
|a zborníky
|2 SNKPH
|9 70165
|
| 700 |
1 |
|
|a Špaldon, Emil,
|d 1918-2015
|4 lso
|9 37203
|
| 710 |
2 |
|
|a Slovenská akadémia vied
|4 pbl
|9 125200
|
| 852 |
|
|
|a Slovenská národná knižnica
|
| 954 |
|
|
|a odborná, vedecká literatúra pôvodná (slovenská)
|2 lita
|
| 958 |
|
|
|a OND
|
| 958 |
|
|
|a RK
|
| 958 |
|
|
|a TL
|
| 958 |
|
|
|a ZB
|
| 958 |
|
|
|a EUIPO
|
| 999 |
|
|
|c 736742
|d 738672
|
| 952 |
|
|
|a SNK
|b SNK
|y PREZ
|7 0
|p 17A0773995
|o snkSC 7139
|i snk8727/55
|0 0
|1 0
|4 0
|d 2019-06-05
|f 1
|l 0
|r 2025-07-04 00:00:00
|w 2026-02-23
|